The Golden Road : (Record no. 749060)

MARC details
000 -LEADER
fixed length control field 00365nam a22001217a 4500
020 ## - INTERNATIONAL STANDARD BOOK NUMBER
ISBN 9781408864418
082 ## - DEWEY DECIMAL CLASSIFICATION NUMBER
Classification number 934.03 DAL/G
100 ## - MAIN ENTRY--AUTHOR NAME
Personal name Dalrymple, William
245 ## - TITLE STATEMENT
Title The Golden Road :
Sub Title how ancient India transformed the world/
Statement of responsibility, etc by William Dalrymple
260 ## - PUBLICATION, DISTRIBUTION, ETC. (IMPRINT)
Place of publication . - London
Name of publisher : Bloomsburry Publishing Ltd.
Year of publication , 2024
300 ## - PHYSICAL DESCRIPTION
Number of Pages 482 pages
942 ## - ADDED ENTRY ELEMENTS (KOHA)
Source of classification or shelving scheme Dewey Decimal Classification
Koha item type Book
Holdings
Withdrawn status Lost status Source of classification or shelving scheme Damaged status Not for loan Home Library Current Location Date acquired Full call number Accession Number Price effective from Koha item type
    Dewey Decimal Classification     Dept. of Political Science Dept. of Political Science 05/02/2025 934.03 DAL/G POL23724 27/05/2025 Book